Thermal comfort honeycomb housing : the affordable alternative to terrace housing /

Bibliographic Details
Main Author: Davis, Mohd Peter
Other Authors: Mazlin Ghazali, Nor Azian Nordin
Format: Book
Published: Serdang, Selangor: Institute of Advanced Technology, Universiti Putra Malaysia, 2006.
Subjects:
LEADER 00850cam a2200229 7i4500
001 0000010730
005 20151104090000.0
005 ##20151104112400.0
003 ##MY-KlINT
020 # # |a 9833455387  
039 # 9 |y 201511041124  |z VLOAD 
090 0 0 |a 728.09595   |b DAV 
100 1 # |a Davis, Mohd Peter 
245 1 0 |a Thermal comfort honeycomb housing :   |b the affordable alternative to terrace housing /   |c Mohd Peter Davis, Mazlin Ghazali, Nor Azian Nordin. 
260 # # |a Serdang, Selangor:   |b Institute of Advanced Technology, Universiti Putra Malaysia,   |c 2006. 
300 # # |a x, 187p. 
650 # 0 |a Architecture --   |x Domestic Malaysia Designs and plans  
650 # 0 |a Dwellings Heating and ventilation Malaysia  
650 # 0 |a Housing Malaysia Research  
700 0 # |a Mazlin Ghazali  
700 0 # |a Nor Azian Nordin  
999 |a 0000064165  |b BOOK  |c Main Non-Fiction  |e INTAN BK